00318nam a22001097a 450000500170000000800410001708200100005811000270006824500590009526000460015465000080020020200604103541.0200604b xxu||||| |||| 00| 0 eng d a345.4 aThe All India Reporter aThe All India Reporter1965 (V-52) SUPRIM COURT Section aBOMBAYbThe All India Reporter Ltd.c1965 aLAW